00799nam a2200169 a 4500008004100000050001500041110005500056245003700111246007300148260007100221300001400292350000900306500007300315995009900388999001700487952012500504070709s2006 ||||||||||||||||| || u aUN-ESC(02) aUnited Nations Economic and Social Council (UNESC)10aUnited Nations forrum on forests areport of the sixth session( 27 May 2005 and 13 to 24 February 2006) aNew YorkbUnited Nations Economic and Social Council (UNESC)c2006 aiii, 40p. a0.00 aEconomic and Social Council Official Records, 2006.Supplement no. 22 D0.00FCBU-MAIN LIBRARY (Kitwe)H1I0.00M1UAVAILABLEWJul 9, 2007ZInternational Publications c60834d60834 00102lcc4070a001b001cInternational Publicationsd2022-11-30l0oUN-ESC(02)pZ03002199r2022-11-30w2022-11-30y002